000 00573nam a2200193Ia 4500
001 8488
003 GE_BSU
008 181216s||||||||xx |||||||||||||| ||und||
040 _cGE_BSU
080 _a821.353.1-11
100 _aზომლეთელი,ნოე.
245 _aლექსები და პოემები:1925-1931.
260 _aტფილისი.
260 _bსახელგამის გა-მა
260 _c1932.
300 _a184გვ;22სმ.
653 _aლექსები და პოემები
942 _cBK
999 _c41805
_d41805